000 00886nam0a22002651 4500
001 rc\571484
005 20031121162556.0
010 _a5-7855-0044-2
_91785
035 _a(NLR Aleph) 005820042
090 _a5469810
_c5469810
100 _a20031121d1988 u |0rusy50 ca
101 0 _arus
102 _aRU
105 _aa |||||||||
200 1 _aФотографическая регистрация информации
_eХим. аспекты
210 _aМинск
_cУниверситетское
_d1988
215 _a124, [3] с.
_cил.
_d17
225 1 _aАктуальные проблемы современной химии
320 _aБиблиогр.: с. 126 (7 назв.)
700 1 _aРагойша
_bГ. А.
_gГеннадий Антонович
801 0 _aRU
_bNLR
_gpsbo
801 1 _aRU
_bELAR
_2rusmarc
852 _aNLR
_j88-2/1382
942 _cBOOK
980 _aNB